Anagrammes aléatoires des PNJ dans Pokémon - Statistiques

Statistiques générales
  • Ce quiz a été pris 188 fois
  • Le résultat moyen est 8 sur 15
Statistiques - réponses
Nom % Correct
Alyxia
100%
Amos
100%
Blue
100%
Brasénie
100%
Chen
100%
Érika
100%
Flo
100%
Glacia
100%
Goyah
100%
Hélio
100%
Iris
100%
Jasmine
100%
Kiawe
100%
Léo
100%
Lilie
100%
Lino
100%
Liv
100%
Lona
100%
Lovis
100%
Malva
100%
Marc
100%
Mars
100%
Max
100%
Mortimer
100%
Peter
100%
Pierre
100%
Pierrick
100%
Red
100%
René
100%
Roxanne
100%
Roy
100%
Tatia
100%
Thyméo
100%
Tili
100%
Trovato
100%
Urup
100%
Zhu
100%
Cynthia
86%
Sarah
86%
Danh
83%
Levy
83%
Alizée
80%
Auguste
80%
Luth
80%
Rachid
80%
Adrien
75%
Amana
75%
Bardane
75%
Chuck
75%
Donna
75%
Flora
75%
Guzma
75%
Kunz
75%
Agatha
71%
Frédo
71%
Aaron
67%
Anis
67%
Aragon
67%
Aurore
67%
Barbara
67%
Chaz
67%
Faïza
67%
Inezia
67%
Kabu
67%
Lem
67%
Major Bob
67%
Matis
67%
Noa
67%
Olga
67%
Ondine
67%
Paulie
67%
Sannah
67%
Saturnin
67%
Voltère
67%
Artie
60%
Clément
60%
Lance
60%
Louka
60%
Rosemary
60%
Seko
60%
Bastien
57%
Lambda
57%
Séréna
57%
Aldo
50%
Althéo
50%
Blanche
50%
Dracéna
50%
Elsa-Mina
50%
Gladys
50%
Jeannine
50%
Kahili
50%
Keteleeria
50%
Koga
50%
Marion
50%
Mélina
50%
Nabil
50%
Néphie
50%
Nikolaï
50%
Oléa
50%
Orme
50%
Percy
50%
Peterson
50%
Rosemary
50%
Strykna
50%
Tarak
50%
Tcheren
50%
Tierno
50%
Timmy
50%
Travis
50%
Valériane
50%
Watson
50%
Hector
40%
Myosotis
40%
Xanthin
40%
Aloé
33%
Armando
33%
Arthur
33%
Charles
33%
Damien
33%
Giovanni
33%
Gladio
33%
Kelvin
33%
Pieris
33%
Sally
33%
Shehroz
33%
Terry
33%
Alistair
29%
Morgane
29%
Margie
25%
Sonya
25%
Violette
25%
Adriane
20%
Astera
20%
Brice
20%
Norman
20%
Sorbier
20%
Spectra
20%
Ancolie
17%
Albert
0%
Amaro
0%
Apocyne
0%
Ariane
0%
Bianca
0%
Carolina
0%
Célesta
0%
Chrys
0%
Ciléo
0%
Cornélia
0%
Cornélius
0%
Courtney
0%
Cyane
0%
Euphorbe
0%
Ghetis
0%
Juan
0%
Jupiter
0%
Kalem
0%
Kiméra
0%
Lucio
0%
Lysandre
0%
Magnolia
0%
Matthieu
0%
Molène
0%
Narcisse
0%
Pectorius
0%
Percila
0%
Pimprenelle
0%
Platane
0%
Pluton
0%
Sandra
0%
Saturne
0%
Silver
0%
Sophora
0%
Tanguy
0%
Trace
0%
Aucun quiz correspondant
Distribution des résultats
% des personnes avec chaque résultat
Percentile par nombre de réponses
Votre historique - résultats
Vous n’avez pas pris ce quiz